| 000 | 00993nam a22002657a 4500 | ||
|---|---|---|---|
| 005 | 20251108174728.0 | ||
| 008 | 250721s9999 xx 000 0 ara d | ||
| 082 | 1 | 4 | _aط/ق/هوب |
| 100 | 1 |
_aهوب، أنتوني _eمؤلف |
|
| 245 | 1 | 0 | _aسجين زندا / |
| 246 | 1 | 1 | _aTHE PRISONER OF ZENDA |
| 264 | 1 |
_aبيروت : _bالمكتبة الحيثة للطباعة و النشر، _c(200-). |
|
| 300 | _a133ص | ||
| 490 | 0 | _aكنوز : سلسلة روائع القصص العالمية | |
| 500 | _aالقصة مكتوبة باللغة العربية و اللغة الإنجليزية | ||
| 650 | 1 | 7 | _aالادب المترجم |
| 650 | 1 | 7 | _aالقصص القصيره |
| 653 | _aناشاون صغار (10-14) سنه | ||
| 700 | 1 |
_aمحسن، فاضل حبيب _eمترجم |
|
| 700 | 1 | _aمحمد، عبد الحق أحمد | |
| 700 | 1 |
_aحسن، ذكرى عبد الرحمن _eمراجع |
|
| 700 | 1 | _aسالم، منى فتحي | |
| 942 |
_2ddc _cBK |
||
| 999 |
_c116514 _d116514 |
||